Christian social thought in india: 1962 -1977. (Record no. 172268)
[ view plain ]
| 000 -LEADER | |
|---|---|
| fixed length control field | 00505nam a2200181Ia 4500 |
| 003 - CONTROL NUMBER IDENTIFIER | |
| control field | OSt |
| 005 - DATE AND TIME OF LATEST TRANSACTION | |
| control field | 20230516152800.0 |
| 008 - FIXED-LENGTH DATA ELEMENTS--GENERAL INFORMATION | |
| fixed length control field | 210423s1982 xx 000 0 und d |
| 040 ## - CATALOGING SOURCE | |
| Transcribing agency | AL |
| 041 ## - LANGUAGE CODE | |
| Language code of text/sound track or separate title | eng |
| 082 ## - DEWEY DECIMAL CLASSIFICATION NUMBER | |
| Classification number | 200 |
| Edition number | 23 |
| Item number | SHIC |
| 100 ## - MAIN ENTRY--PERSONAL NAME | |
| Personal name | SHIRI (Godwin). |
| 9 (RLIN) | 105932 |
| 245 ## - TITLE STATEMENT | |
| Title | Christian social thought in india: 1962 -1977. |
| 260 ## - PUBLICATION, DISTRIBUTION, ETC. | |
| Place of publication, distribution, etc. | Madras |
| Name of publisher, distributor, etc. | Christian Literature Society |
| Date of publication, distribution, etc. | 1982 |
| 365 ## - TRADE PRICE | |
| Price amount | 20 |
| Currency code | INR |
| 906 ## - LOCAL DATA ELEMENT F, LDF (RLIN) | |
| a | 1962 ; -1977. ; Christian ; india: ; social ; thought |
| 942 ## - ADDED ENTRY ELEMENTS (KOHA) | |
| Source of classification or shelving scheme | Dewey Decimal Classification |
| Koha item type | Book |
| Withdrawn status | Lost status | Damaged status | Not for loan | Collection code | Home library | Current library | Date acquired | Cost, normal purchase price | Total Checkouts | Full call number | Barcode | Date last seen | Price effective from | Koha item type |
|---|---|---|---|---|---|---|---|---|---|---|---|---|---|---|
| MSW | St Aloysius PG Library | St Aloysius PG Library | 04/26/2021 | 20.00 | 200 SHIC | PG018809 | 08/24/2022 | 04/26/2021 | Book |